| 000 | 01186cas a2200229Ia 4500 | ||
|---|---|---|---|
| 001 | 47357 | ||
| 005 | 20230410132941.0 | ||
| 008 | 940125c2010 ck ar 0 b0spa d | ||
| 020 | _a9789587143591 | ||
| 041 | _aspa | ||
| 049 | _aGRAL | ||
| 050 | 1 | 4 |
_aB 2948 _bR397l 2010 |
| 100 | 1 | _aRendón Arroyave, Carlos Emel | |
| 245 | 1 | 3 |
_aLa lucha por el reconocimiento en Hegel : _bGénesis y significado / _cCarlos Emel Rendón Arroyave |
| 260 |
_aMedellín : _bEditorial Universidad de Antioquia, _c2010 |
||
| 300 | _axxviii, 210 p. | ||
| 520 | _aSe busca examinar, en los textos de Hegel anteriores a la Fenomenologia del Espíritu, la forma como la lucha por el reconocimiento se relaciona con la configuración de la eticidad absoluta, es decir, con el estado en el cual el individuo es reconocido, tanto por otro singular, como por la comunidad a la cual pertenece. Para ello se analizan las diferencias que existen entre los diversos textos, así como sus continuidades, con el fin de comprender mejor el concepto de lo ético que subyace a todos ellos. | ||
| 600 | 1 | 0 |
_aHegel, Georg Wilhelm Friedrich, _d1770-1831. |
| 650 | 0 | _aPhenomenology. | |
| 942 |
_2lcc _cbk |
||
| 946 | _aYSL | ||
| 999 |
_c90745 _d90745 |
||